000 00923 a2200217 4500
005 20260319113511.0
008 260319b |||||||| |||| 00| 0 eng d
020 _a9789391950682 (hbk)
037 _cTB
040 _aBL
_cBL
041 _2hin
_ahin
084 _aO152,3M89:g R2
_qBL
100 _aउपाध्याय, करुणाशंकर
_91114842
245 _aजयशंकर प्रसाद:
_bमहानता के आयाम
260 _aदिल्ली, भारत:
_bराधाकृष्ण प्रकाशन,
_c2022.
300 _a462पृ.
650 _aहिन्दी कहानी
650 _aहिन्दी साहित्य
942 _cTB
_2CC
_hO152,3M89:g R2
999 _c1679096
_d1679096